Nessa Barrett Songs - Statistics

General Stats
  • This quiz has been taken 255 times
    76 since last reset
  • The average score is 30 of 40
Answer Stats
Hint Answer % Correct
YF die first
88%
YF tired of california
83%
Single dying on the inside
82%
Single la di die
82%
Single Pain
82%
PP pretty poison
82%
YF decay
80%
HIATG hell is a teenage girl
80%
YF madhouse
80%
YFE noose
80%
HIATG american jesus
79%
YF gaslight
79%
YFE 505
77%
Single Club Heaven
77%
PP grave
77%
YF lovebomb
77%
PP scare myself
77%
YF talk to myself
77%
YF dear god
76%
YFE deathmatch
76%
YF fuckmarrykill
76%
HIATG heartbreak in the hamptons
76%
HIATG lie
76%
HIATG motel whore
76%
HIATG plane to paris
76%
HIATG BANG BANG!
74%
PP i wanna die
74%
YF lucky star
74%
PP sincerely
74%
YF unnecessary violence
74%
Single counting crimes
71%
YFE do you really want to hurt me?
71%
YF too hot to cry
71%
YFE god's favorite
70%
PP keep me afraid
70%
HIATG the one that should've got away
70%
YF forgive the world
68%
Single girl in new york
68%
Single if u love me
67%
PP i hope ur miserable until ur dead
65%
No matching quizzes found
Score Distribution
Percent of People with Each Score
Percentile by Number Answered
Your Score History
You have not taken this quiz since the last reset